Представление документа в формате MARC21

Поле Инд. ПП Название Значение
Тип записи a
Библиографический уровень b
001 Контрольный номер RU/IS/BASE/322931154
005 Дата корректировки 20240403144222.1
008 Кодируемые данные 20100326
040 b Код языка каталог. rus
e Правила каталог. PSBO
041 0_ a Код языка текста rus
084 a Индекс другой классификации/Индекс ББК 66.1(2)522-17; 87.3(2)522
100 1_ a Автор Тюренков М. А.
q Полное имя Тюренков Михаил Анатольевич
245 10 a Заглавие К вопросу о социально-политической и религиозной эволюции взглядов К.Н. Леонтьева
504 a Библиография Библиогр.: с. 212
520 0_ a Аннотация В своей статье автор рассматривает мировоззренческое становление ведущего русского консерватора XIX столетия К.Н. Леонтьева, который совершил, с одной стороны, традиционную для многих консерваторов "эволюцию вправо", но, с другой стороны в социалистических аспектах своего творчества оставался ориентирован на построения целого ряда радикальных мыслителей, таких, как Дж.-Ст. Милль, Г. Спенсер и А.И. Герцен
600 14 a Персоналии Леонтьев Константин Николаевич
650 14 a Основная рубрика история политических учений
a Основная рубрика история философии
a Основная рубрика политика
a Основная рубрика социальная философия
a Основная рубрика философия
653 1_ a Ключевые слова XIX век
a Ключевые слова XX век
a Ключевые слова консерватизм
a Ключевые слова религиозная философия
a Ключевые слова религиозные взгляды
a Ключевые слова религия
a Ключевые слова Россия
773 08 t Заглавие источника Вестник Московского университета. Серия 18, Социология и политология
d Дата издания источника 2009
g Прочая информация № 4. - С. 200 - 212
w Контрольный № источника RU/IS/BASE/317399284
901 t Тип документа b